International review of research in mental retardation. Vol. 35 /

International Review of Research in Mental Retardation is an ongoing scholarly look at research into the causes, effects, classification systems, syndromes, etc. of mental retardation. Contributors come from wide-ranging perspectives, including genetics, psychology, education, and other health and b...

Full description

Bibliographic Details
Corporate Author: ScienceDirect (Online service)
Other Authors: Glidden, Laraine Masters, 1943-
Format: eBook
Language:English
Published: London : Academic, 2008.
Subjects:
Online Access:Connect to the full text of this electronic book

MARC

Tag First Indicator Second Indicator Subfields
LEADER 00000cam a2200000 a 4500
001 in00005734821
005 20260326155129.2
006 m o d
007 cr zn|||||||||
008 070927s2008 enk o 001 0 eng d
040 |a CDX  |b eng  |e pn  |c CDX  |d OCLCG  |d OCLCQ  |d IDEBK  |d OCLCQ  |d OPELS  |d OCLCQ  |d OCLCF  |d OCLCQ  |d ESU  |d OCLCA  |d MUO  |d OCL  |d LEAUB  |d INARC  |d OCLCO  |d OCLCQ  |d OCLCO  |d OCLCL  |d OCLCQ 
020 |a 0080557236  |q (electronic bk.) 
020 |a 9780080557236  |q (electronic bk.) 
020 |a 0123662346  |q (electronic bk.) 
020 |a 9780123662347  |q (electronic bk.) 
035 |a (OCoLC)232311988 
050 4 |a RC570  |b .I58 2008eb 
082 0 4 |a 616.8'588 22 22  |2 22 
049 |a TXAM 
245 0 0 |a International review of research in mental retardation.  |n Vol. 35 /  |c edited by Laraine Glidden. 
260 |a London :  |b Academic,  |c 2008. 
300 |a 1 online resource (1 volume) 
336 |a text  |b txt  |2 rdacontent 
337 |a computer  |b c  |2 rdamedia 
338 |a online resource  |b cr  |2 rdacarrier 
520 |a International Review of Research in Mental Retardation is an ongoing scholarly look at research into the causes, effects, classification systems, syndromes, etc. of mental retardation. Contributors come from wide-ranging perspectives, including genetics, psychology, education, and other health and behavioral sciences. Volume 35 of the series offers chapters on theory and research, social cognition and social competence in children with Down Sydrome, the Flynn Effect and the role of IQ, remaining open to quantitative, qualitative and mixed-method designs, active support, child abuse, and the role of siblings of children with mental retardation. The wide range of topics covered in these chapters make Volume 35 of the International Review of Research in Mental Retardation a particularly valuable resource for academic researchers in developmental and cognitive psychology, as well as those in neuropsychology. *Provides the most recent scholarly research in the study of mental retardation *A vast range of perspectives is offered, and many topics are covered *An excellent resource for academic researchers. 
588 0 |a Print version record. 
650 0 |a Intellectual disability. 
650 2 |a Intellectual Disability 
650 6 |a Déficience intellectuelle. 
650 7 |a intellectual disability.  |2 aat 
650 7 |a Intellectual disability  |2 fast 
655 7 |a Electronic books.  |2 local 
700 1 |a Glidden, Laraine Masters,  |d 1943-  |1 https://id.oclc.org/worldcat/entity/E39PCjKQcV47HMt8Pt8jY7fpKb 
710 2 |a ScienceDirect (Online service) 
856 4 0 |u http://proxy.library.tamu.edu/login?url=https://www.sciencedirect.com/science/bookseries/00747750/35  |z Connect to the full text of this electronic book  |t 0 
936 |a BATCHLOAD 
955 |a Elsevier ScienceDirect 2026-2027 
994 |a 92  |b TXA 
999 f f |i bef73a8e-9733-4060-b88c-20feee97368b  |s 6f36a5c2-84b0-4ed7-a143-6e42161b2f49  |t 0 
952 f f |a Texas A&M University  |b College Station  |c Electronic Resources  |s www_evans  |d Available Online  |t 0  |e RC570 .I58 2008eb  |h Library of Congress classification 
998 f f |a RC570 .I58 2008eb  |t 0  |l Available Online